La primacía de la sociedad civil: el proceso de formación de la España Democrática
Uloženo v:
| Hlavní autor: | |
|---|---|
| Médium: | Kniha |
| Jazyk: | španělština |
| Vydáno: |
Madrid
Alianza
1993
|
| Témata: | |
| Tagy: |
Přidat tag
Žádné tagy, Buďte první, kdo vytvoří štítek k tomuto záznamu!
|
MARC
| LEADER | 00000nam a2200000 a 4500 | ||
|---|---|---|---|
| 001 | UCY2942 | ||
| 003 | CL-VaPUC | ||
| 008 | 941129e19930000SP |||||||||||||||||spa|d | ||
| 082 | 0 | 4 | |a 320.946 |b PER |2 21 |
| 100 | 0 | |a Pérez Díaz, Víctor |e author |9 331115 | |
| 245 | 1 | 3 | |a La primacía de la sociedad civil: el proceso de formación de la España Democrática |
| 300 | |a 395 p | ||
| 942 | |c BK | ||
| 945 | |d 19941129 00:00:00 |a mfernand | ||
| 260 | |a Madrid |b Alianza |c 1993 | ||
| 650 | 0 | |a Política y gobierno |9 255151 | |
| 651 | 0 | |a España |9 254926 | |
| 583 | |a last modification |c 19941129 00:00:00 |k Rodrigo Vera | ||
| 999 | |c 231208 |d 231206 | ||
| 952 | |0 0 |1 0 |4 0 |6 320_946000000000000_PER_1993 |7 0 |8 A |9 234106 |a BIBHIS |b BIBHIS |d 2019-11-15 |i 3036197 |o 320.946 PER 1993 |p 3036197 |r 2025-01-20 |w 2019-11-15 |y BK |k HIS | ||